On This Day: May 31st II Quiz Stats

 Plays Quiz Updated May 31, 2018

Score 0/7 Timer 03:00
0 Plays Today
Question Answer Wrong Answers
Vanity Fair reveals that Mark Felt was ‘Deep Throat’, the anonymous informant who provided the press with critical information about this political scandal.
2005
Watergate Scandal
88.3%
Iran–Contra Affair
4.9%
Whitewater Controversy
4.5%
My Lai Massacre
0.9%
With a time of 9.72 seconds, this athlete breaks the world record in the 100m sprint, a record he will eventually beat twice more.
2008
Usain Bolt
87.9%
Tyson Gay
1.4%
Michael Johnson
2.5%
Carl Lewis
6.6%
This Irish actor, known for films like ‘Alexander’, ‘In Bruges’, and ‘Horrible Bosses’, is born.
1976
Colin Farrell
77.9%
Eddie Redmayne
4.9%
Jude Law
11%
Orlando Bloom
5.6%
The ______ Pipeline System is completed, today conveying oil from Prudhoe Bay to Valdez.
1977
Trans-Alaska
60%
Trans-Siberia
10.9%
Trans-Canada
9.8%
Trans-Mexico
18.2%
This Nazi SS officer, the architect of the Jewish Holocaust, is executed near Tel Aviv for crimes against humanity.
1962
Adolf Eichmann
52.4%
Hermann Goering
15.7%
Heinrich Himmler
30.6%
Julius Schreck
1.1%
Allied troops complete their evacuation of this Mediterranean island, surrendering occupation to German forces.
1941
Crete
34.8%
Cyprus
34.4%
Corsica
18.4%
Sardinia
12.2%
President ______ of Mexico flees the country during the Mexican Revolution.
1911
Porfirio Díaz
22.3%
Emiliano Zapata
41%
Benito Juárez
32.6%
Ignacio Zaragoza
4.1%

You're not logged in!

Compare scores with friends on all Sporcle quizzes.
OR
Log In

Sporcle TV

Today on Sporcle TV


Watch our educational content, quiz creation guides, and fun videos on Sporcle TV.

Show Comments

Extras

Top Quizzes Today


Score Distribution

Your Account Isn't Verified!

In order to create a playlist on Sporcle, you need to verify the email address you used during registration. Go to your Sporcle Settings to finish the process.

Report this User

Report this user for behavior that violates our Community Guidelines.

Details: